Statistics for Johnny Cash - Ring of Fire Lyrics

Click here to take the quiz!

General Stats

  • This quiz has been taken 329 times
  • The average score is 178 of 195

Answer Stats

Lyric% Correct
i
100%
fire
99%
of
99%
ring
99%
a
98%
burnin'
96%
the
96%
fell
93%
and
92%
when
91%
into
90%
it
90%
down
89%
flames
88%
higher
88%
is
87%
went
87%
burns
86%
love
86%
thing
80%
makes
73%
you
72%
like
70%
for
69%
wild
68%
fiery
67%
child
64%
sweet
64%
hearts
63%
meet
63%
ours
63%
taste
63%
but
62%
desire
62%
oh
62%
by
61%
bound
56%

Score Distribution

Percentile by Number Answered

Percent of People with Each Score

Your Score History

You have not taken this quiz